00517nam a2200181Ia 450000500170000000800410001702000180005804100120007608200150008810000180010324500750012125000120019626000450020830000190025365000260027265000200029865000170031820260429112155.0260429s9999||||xx |||||||||||||| ||und|| a9781836591382 aEnglish a341.2bKEL aKelly, Thomas 0aHuman rights, social justice and political challenges / cThomas Kelly a1st ed. aUnited Kingdom : bED-Tech Press,c2025. aix, 256 p.; hb a Political challenges a Social justice aHuman rights